Statistics for British Royals Titles

Click here to take the quiz!

General Stats

  • This quiz has been taken 145 times
    (113 since last reset)
  • The average score is 10 of 14

Answer Stats

Answer% Correct
Her Majesty The Queen
100%
His Majesty The King
94%
Princess of Wales
88%
Princess of Wales
88%
Prince of Wales
86%
Prince Consort, Duke of Edinburgh
84%
Her Majesty The Queen Consort
83%
Duke of York
72%
Duke of Sussex
70%
Duchess of Sussex
68%
Princess Royal
66%
Earl of Wessex
49%
Countess of Wessex
45%
Countess of Snowdon
37%

Score Distribution

Percentile by Number Answered

Percent of People with Each Score

Your Score History

You have not taken this quiz since the last reset